Първата бастилия (Запис номер 148780)
[ съкратено ]
| 000 -Лидер | |
|---|---|
| Контролно поле с фиксирана дължина | 01609nam a2200337 c 4500 |
| 003 - Код на организацията, давaща контролен номер | |
| Контролно поле | BLK |
| 005 - Дата и час на последна редакция | |
| Контролно поле | 20180422112851.0 |
| 008 - Елементи от данни с фиксирана дължина | |
| fixed length control field | 180410b bul|||||r ||||||| ||bul|| |
| 010 ## - Наследен системен номер | |
| LC control number | KNG00155008000 |
| 040 ## - Източник на каталожния запис | |
| Идентификатор на билиотеката - собственик на записа | BLK |
| 041 ## - Код за език | |
| Код за езика на текст/звукозапис или на отделно заглавие | Български |
| Код за езика КДБФ | Български |
| 080 ## - УДК | |
| Текстов определител УДК | Руска литература |
| УДК код - определител по УДК | 821.161.1 |
| УДК определител | -32 |
| УДК - код + определител | 821.161.1-32 |
| 100 1# - Редна дума - Автор | |
| Автор | Яковлев, Юрий Яковлевич |
| Авторска отговорност | първи автор |
| Автор - информация (биография) | Ховкин, Юрий Яковлевич |
| R(LIN) | 277233 |
| 139 ## - Редно поле | |
| Редна дума | Яковлев, Юрий Яковлевич |
| Авторски знак | Яковл - Я 36 |
| 245 10 - Сведения за заглавието | |
| Заглавие | Първата бастилия |
| Подзаглавни данни | Повест за В. И. Ленин |
| Редно поле (дума) | Юрий Яковлевич Яковлев; прев. от рус. Люба Николова; * Юрий Яковлевич Ховкин. |
| 257 ## - Страна на издаване | |
| Страна на създаване/издаване | СССР |
| 260 ## - Област на издателските данни | |
| -- | София |
| Име на издателя, разпространителя и проч. | Профиздат |
| Година на издаване | 1966 |
| 300 ## - Физическа характеристика | |
| Страници | 108 с. |
| Размери/Мащаб | 18 см |
| 380 ## - Жанр | |
| Жанр | Худож. лит. |
| 490 1# - СЕРИИ (Колекции) | |
| Име на серия | Зари |
| №: серия | 21 |
| 500 ## - Общи забележки | |
| Забележка | Истинското име на авт. е Юрий Яковлевич Ховкин. - Ориг. загл. Первая Бастилия. - 10 120 тир. |
| 600 14 - Име на лице, използвано като предмет | |
| За него / За нея | Ленин, Владимир Илич |
| 9 (RLIN) | 364996 |
| 650 #4 - Допълнително описание по предмет – тема | |
| Основно описание – тема или топоним | Ленин, Владимир Илич - в художествената литература |
| 9 (RLIN) | 261912 |
| 700 1# - Други автори (авторска отговорност) | |
| Лично име | Николова, Люба |
| Автороска отговорност (Описва отношението между автора и произведението) | прев. от рус. |
| 9 (RLIN) | 330135 |
| 700 1# - Други автори (авторска отговорност) | |
| Лично име | Ховкин, Юрий Яковлевич |
| Автороска отговорност (Описва отношението между автора и произведението) | * |
| 9 (RLIN) | 330136 |
| 852 ## - Местоположение | |
| Форматна сигнатура | Цб І 8737 |
| 856 4# - Електронен адрес и достъп | |
| Електронен формат | pdf - файл |
| Път до файла /url/ | |
| 856 4# - Електронен адрес и достъп | |
| Електронен формат | pdf - файл |
| Път до файла /url/ | |
| 942 ## - АРТИКУЛИ | |
| Вид на библиотечния материал | Книги |
| Скрит в OPAC | Не |
| 944 ## - СЪЗДАВАНЕ И РЕДАКЦИЯ на ЗАПИСА | |
| Създаване/Редакция | Създаване |
| Дата на регистрацията/редакция | 27.12.2013 |
| Статус, дата на статуса | 27.12.2013 - от С1,Р / 27.12.2013 |
| Служител, извършил регистрацията/редакцията | Даниел_Канатов |
| 944 ## - СЪЗДАВАНЕ И РЕДАКЦИЯ на ЗАПИСА | |
| Създаване/Редакция | Редакция |
| Дата на регистрацията/редакция | 21.09.2017 |
| Статус, дата на статуса | 27.12.2013 - от С1,Р / 27.12.2013 |
| Служител, извършил регистрацията/редакцията | Вася_Ганчева |
| 999 ## - СИСТЕМНИ КОНТРОЛНИ НОМЕРА | |
| Koha biblionumber | 148780 |
| Koha biblioitemnumber | 148780 |
| Код за отписване | Код за изгубен артикул | Източник на класификационната схема | Код за повреда | Коз за рестрикции | Код за отдаване | Артикулен № | Име на библиотеката - собственик | Име на библиотеката, в която се намира в момента | Статус (Текущо местоположение) | Дата на вписване в системата | Местоположение - отдел | Цена в лева | Инвентарен номер | Систематично азбучна сигнатура | Баркод | Номер на екземпляра | Цена в евро | Служебна бележка | Служебен тип на артикула | Бележка за публиката |
|---|---|---|---|---|---|---|---|---|---|---|---|---|---|---|---|---|---|---|---|---|
| Не е изгубен | Universal Decimal Classification | Не е повреден | само за читалня | ползва се в читалня | 247878 | Регионална библиотека "Любен Каравелов" Русе | Регионална библиотека "Любен Каравелов" Русе | Хранилище | 1966-01-01 | Хранилище | 0.43 | 14210/66 | Цб І 8737 | 900000029390 | 1 | 0.22 | Дост: Dp Вид: Д N: стар фонд Дата: 01.01.1966 | Книги | ||
| Изтеглен | Не е изгубен | Universal Decimal Classification | Не е повреден | без рестрикции | заемане за дома | 247879 | Регионална библиотека "Любен Каравелов" Русе | Регионална библиотека "Любен Каравелов" Русе | Заемна - подръчен фонд | 1966-01-01 | Заемна - подръчен фонд | 14954/66 | П 882-32/Я 36 | 14954/66 | 2 | 0.00 | Дост: Pk Вид: Ф N: стар фонд Дата: 01.01.1966 | Книги | ||
| Изтеглен | Не е изгубен | Universal Decimal Classification | Не е повреден | без рестрикции | заемане за дома | 247880 | Регионална библиотека "Любен Каравелов" Русе | Регионална библиотека "Любен Каравелов" Русе | Заемна - подръчен фонд | 1966-01-01 | Заемна - подръчен фонд | 15113/67 | П 882-32/Я 36 | 15113/67 | 3 | 0.00 | Дост: Pk Вид: Ф N: стар фонд Дата: 01.01.1966 | Книги | ||
| Изтеглен | Не е изгубен | Не е повреден | без рестрикции | заемане за дома | 247881 | Регионална библиотека "Любен Каравелов" Русе | Регионална библиотека "Любен Каравелов" Русе | 1966-01-01 | Детски отдел | 0.43 | 14847/66 | ДХ 820/899/Я 36 | 14847/66 | 4 | 0.22 | Дост: Pk Вид: Ф N: стар фонд Дата: 01.01.1966 Дата инв: 07.10.2015 Бележки инв: Д2015 | Книги | Отч.N: 36/2017 , Дата: 05.09.2017 | ||
| Изтеглен | Не е изгубен | Universal Decimal Classification | Не е повреден | без рестрикции | заемане за дома | 247882 | Регионална библиотека "Любен Каравелов" Русе | Регионална библиотека "Любен Каравелов" Русе | Заемна - подръчен фонд | 1966-01-01 | Заемна - подръчен фонд | 0.43 | 14951/66 | П 882-32/Я 36 | 14951/66 | 5 | 0.22 | Вид: Сф Дата: 01.01.1966 Дата инв: 26.02.2018 Бележки инв: П2018 | Книги |